000 00947nam a22002297a 4500
005 20210325181606.0
008 s2545 th tha d
020 _a9742308691
041 _atha
050 _aTP690.2 ต121ว 2545
100 0 _aตติยา ใจบุญ
245 1 0 _aวิกฤตการณ์น้ำมันโลก : กับชะตากรรมของมนุษย์ในวิถีบริโภคนิยม
260 3 _aกรุงเทพฯ :
_bประพันธ์สาส์น,
_c2545
300 _a128 หน้า :
_b ภาพประกอบ, ตาราง ;
_c 21 ซม.
650 0 4 _aน้ำมัน -- รวมเรื่อง
650 0 4 _aปิโตรเลียม -- การผลิต
650 0 4 _aเชื้อเพลิง
850 _aNALT
942 _cGB
_01
997 _c000000000012269
998 _aSAIPHON DEENGAM
999 _c12269
_d12269